000
00279nam a22001337a 4500
008
181015b xxu||||| |||| 00| 0 eng d
020
_a
084282202
041
_a
eng
080
_a
610
100
_a
4
101
_a
SHM
245
_a
Adult Learning
_c
Long.H.R
942
_2
udc
_c
BK
999
_c
49645
_d
49645